000 01046nam0a22002411 4500
001 rc\4208594
005 20260407111212.0
021 _aRU
_b[48-11256]
035 _a(NLR Aleph) 008010715
090 _a8698505
_c8698505
100 _a20130415d1948 |||y0rusy50 ca
101 0 _arus
102 _aRU
105 _ay z |||||
200 1 _aО мерах по обеспечению пусковых объектов подрядного строительства серийным оборудованием и кабельной продукцией в 1948 г.
_eПриказ № 52 от 9-го марта 1948 г.
210 _aМосква
_cтип. М-ва угольной пром-сти вост. районов СССР
_d1948
215 _a174 с.
_d22
710 0 1 _aСССР
_bМинистерство угольной промышленности восточных районов
_3RU\NLR\AUTH\889939130
_9373140
801 0 _aRU
_bNLR
_gpsbo
801 1 _aRU
_bELAR
_2rusmarc
852 _aNLR
_jЭк40 Г-5/75
942 _cBOOK
980 _aNB